Illegal encounters: the effect of detention and deportation on young people

Guardado en:  
Detalles Bibliográficos
Otros Autores: Boehm, Deborah A. (Editor) ; Terrio, Susan J. 1950- (Editor)
Tipo de documento: Print Libro
Lenguaje:Inglés
Publicado: New York New York University Press [2019]
En:Año: 2019
Acceso en línea: Índice
Texto de la solapa
Disponibilidad en Tübingen:Disponible en Tübingen.
UB: KB 21 A 35
Verificar disponibilidad: HBZ Gateway
Servicio de pedido Subito: Pedir ahora.
Palabras clave:

MARC

LEADER 00000cam a2200000 c 4500
001 1645966712
003 DE-627
005 20260206193141.0
007 tu
008 190307s2019 xxu||||| 00| ||eng c
016 7 |a GBB944193  |2 UK 
020 |a 9781479861071  |c pb : £23.99  |9 978-1-4798-6107-1 
020 |a 9781479887798  |c cl : £74.00  |9 978-1-4798-8779-8 
020 |a 1479861073  |c pbk  |9 1-4798-6107-3 
020 |a 147988779X  |c cloth  |9 1-4798-8779-X 
035 |a (DE-627)1645966712 
035 |a (DE-603)446833509 
035 |a (DE-576)518412954 
035 |a (DE-599)BSZ518412954 
035 |a (OCoLC)1091703201 
035 |a (OCoLC)1088914045 
035 |a (BL)019283692 
040 |a DE-627  |b ger  |c DE-627  |e rda 
041 |a eng 
044 |c XD-US 
082 0 |a 364.1370830973 
084 |a 2,1  |2 ssgn 
084 |a MS 3600  |2 rvk  |0 (DE-625)rvk/123685: 
084 |a MS 1960  |2 rvk  |0 (DE-625)rvk/123626: 
084 |a MS 1235  |2 rvk  |0 (DE-625)rvk/123576: 
084 |a 71.52  |2 bkl 
084 |a 89.42  |2 bkl 
084 |a 71.35  |2 bkl 
245 0 0 |a Illegal encounters  |b the effect of detention and deportation on young people  |c edited by Deborah A. Boehm and Susan J. Terrio 
264 1 |a New York  |b New York University Press  |c [2019] 
300 |a vi, 249 Seiten  |c 23 cm 
336 |a Text  |b txt  |2 rdacontent 
337 |a ohne Hilfsmittel zu benutzen  |b n  |2 rdamedia 
338 |a Band  |b nc  |2 rdacarrier 
500 |a Literaturangaben 
583 1 |a Archivierung/Langzeitarchivierung gewährleistet  |f SSG  |x XA-DE-BW  |2 pdager  |5 DE-21 
650 0 |a Illegal alien children  |x Government policy  |x United States 
650 0 |a Illegal alien children  |x Social conditions  |x United States 
650 0 |a Juvenile Detention  |x United States 
650 0 |a Deportation  |x United States 
650 0 |a Mexicans  |x Legal status, laws, etc  |x United States 
650 0 |a Central Americans  |x Legal status, laws, etc  |x United States 
650 0 7 |0 (DE-588)4030550-8  |0 (DE-627)104360100  |0 (DE-576)208988165  |a Kind  |2 gnd 
650 0 7 |0 (DE-588)4288465-2  |0 (DE-627)10428157X  |0 (DE-576)210823135  |a Illegale Einwanderung  |2 gnd 
650 0 7 |0 (DE-588)4198721-4  |0 (DE-627)105186562  |0 (DE-576)210123869  |a Einwanderungspolitik  |2 gnd 
650 0 7 |0 (DE-588)4162820-2  |0 (DE-627)105459410  |0 (DE-576)209876433  |a Jugendarrest  |2 gnd 
650 0 7 |0 (DE-588)4226850-3  |0 (DE-627)104968508  |0 (DE-576)210317450  |a Abschiebung  |2 gnd 
650 4 |a Illegal alien children--Government policy--United States 
650 4 |a Illegal alien children--United States--Social conditions 
650 4 |a Juvenile detention--United States 
650 4 |a Deportation--United States 
650 4 |a Mexicans--Legal status, laws, etc.--United States 
650 4 |a Central Americans--Legal status, laws, etc.--United States 
651 7 |0 (DE-588)4078704-7  |0 (DE-627)106076612  |0 (DE-576)209209682  |a Usa  |2 gnd 
655 7 |a Aufsatzsammlung  |0 (DE-588)4143413-4  |0 (DE-627)105605727  |0 (DE-576)209726091  |2 gnd-content 
689 0 0 |d g  |0 (DE-588)4078704-7  |0 (DE-627)106076612  |0 (DE-576)209209682  |a USA  |2 gnd 
689 0 1 |d s  |0 (DE-588)4198721-4  |0 (DE-627)105186562  |0 (DE-576)210123869  |a Einwanderungspolitik  |2 gnd 
689 0 2 |d s  |0 (DE-588)4288465-2  |0 (DE-627)10428157X  |0 (DE-576)210823135  |a Illegale Einwanderung  |2 gnd 
689 0 3 |d s  |0 (DE-588)4154191-1  |0 (DE-627)105525278  |0 (DE-576)209809299  |a Festnahme  |2 gnd 
689 0 4 |d s  |0 (DE-588)4226850-3  |0 (DE-627)104968508  |0 (DE-576)210317450  |a Abschiebung  |2 gnd 
689 0 5 |d s  |0 (DE-588)4030550-8  |0 (DE-627)104360100  |0 (DE-576)208988165  |a Kind  |2 gnd 
689 0 |5 (DE-627) 
700 1 |a Boehm, Deborah A.  |e HerausgeberIn  |0 (DE-588)1022423010  |0 (DE-627)716968347  |0 (DE-576)365317721  |4 edt 
700 1 |a Terrio, Susan J.  |d 1950-  |e HerausgeberIn  |0 (DE-588)14057557X  |0 (DE-627)703719602  |0 (DE-576)183676025  |4 edt 
856 4 2 |u https://swbplus.bsz-bw.de/bsz1645966712inh.htm  |m V:DE-576;B:DE-21  |q application/pdf  |v 20190605154445  |3 Inhaltsverzeichnis  |7 1 
856 4 2 |u https://swbplus.bsz-bw.de/bsz1645966712kla.htm  |m V:DE-576;B:DE-21  |q application/pdf  |v 20190605154445  |3 Klappentext  |7 1 
935 |a mkri  |a MZUSA 
936 r v |a MS 3600  |b Emigranten, Immigranten, Geflüchtete  |k Soziologie  |k Spezielle Soziologien  |k Soziologie der Minoritäten und Randgruppen  |k Emigranten, Immigranten, Geflüchtete  |0 (DE-627)1270927078  |0 (DE-625)rvk/123685:  |0 (DE-576)200927078 
936 r v |a MS 1960  |b Kinder (auch Adoption)  |k Soziologie  |k Spezielle Soziologien  |k Familiensoziologie  |k Kinder (auch Adoption)  |0 (DE-627)1271440962  |0 (DE-625)rvk/123626:  |0 (DE-576)201440962 
936 r v |a MS 1235  |b Nordamerika  |k Soziologie  |k Spezielle Soziologien  |k Analysen einzelner Länder  |k Außereuropa  |k Nordamerika  |0 (DE-627)1271132982  |0 (DE-625)rvk/123576:  |0 (DE-576)201132982 
936 b k |a 71.52  |j Kulturelle Prozesse  |x Soziologie  |q DA3  |0 (DE-627)106413678 
936 b k |a 89.42  |j Staat und Bürger  |q DA3  |0 (DE-627)106418254 
936 b k |a 71.35  |j Kindersoziologie  |j Jugendsoziologie  |q DA3  |0 (DE-627)106412698 
936 s n |a m200  |2 mzub 
951 |a BO 
ELC |b 1 
LOK |0 000 xxxxxcx a22 zn 4500 
LOK |0 001 3316291776 
LOK |0 003 DE-627 
LOK |0 004 1645966712 
LOK |0 005 20190405111152 
LOK |0 008 190307||||||||||||||||ger||||||| 
LOK |0 040   |a DE-21  |c DE-627  |d DE-21 
LOK |0 852   |a DE-21 
LOK |0 852 1  |c KB 21 A 35  |9 00 
LOK |0 935   |a krim 
LOK |0 938   |a 1904  |f 34 
LOK |0 939   |a 07-03-19  |b l01 
LOK |0 000 xxxxxcx a22 zn 4500 
LOK |0 001 3422743057 
LOK |0 003 DE-627 
LOK |0 004 1645966712 
LOK |0 005 20190619095349 
LOK |0 008 190417||||||||||||||||ger||||||| 
LOK |0 040   |a DE-Frei85  |c DE-627  |d DE-Frei85 
LOK |0 852   |a DE-Frei85 
LOK |0 852 1  |m p  |9 00 
LOK |0 938   |k p 
LOK |0 939   |a 17-04-19  |b l01 
ORI |a SA-MARC-krimdoka001.raw 
SIG |a UB: KB 21 A 35